Identifikácia, oceňovanie, účtovanie a vykazovanie krátkodobého finančného majetku v účtovníctve podnikateľa bakalárska práca

Salvato in:
Dettagli Bibliografici
Autore principale: Michalčová, Michaela
Ente Autore: Fakulta hospodárskej informatiky EU. Katedra účtovníctva a audítorstva
Altri autori: Šlosárová, Anna
Natura: Libro
Lingua:slovacco
Pubblicazione: Bratislava 2020
Tags: Aggiungi Tag
Nessun Tag, puoi essere il primo ad aggiungerne!!

MARC

LEADER 00000nbm a2200000 4500
001 0264760
005 20210427213737.0
041 0 |a slo 
044 |a SK 
245 1 0 |a Identifikácia, oceňovanie, účtovanie a vykazovanie krátkodobého finančného majetku v účtovníctve podnikateľa  |b bakalárska práca  |c Michaela Michalčová ; školiteľ: Anna Šlosárová 
264 1 |a Bratislava  |c 2020 
300 |a 42 s. 
100 1 |a Michalčová, Michaela 
700 1 |a Šlosárová, Anna 
710 2 |a Fakulta hospodárskej informatiky EU. Katedra účtovníctva a audítorstva